Antioxidačný a fotoprotektívny účinok nových druhov karotenoidov

Uložené v:
Podrobná bibliografia
Hlavný autor: Ďurčová, Dominika (Autor)
Ďalší autori: Hojerová, Jarmila (Vedúci práce)
Médium: Rukopis Kniha
Jazyk:Slovak
Vydavateľské údaje: 2022
Predmet:
On-line prístup:http://is.stuba.sk/zp/portal_zp.pl?podrobnosti=163665
Tagy: Pridať tag
Žiadne tagy, Buďte prvý, kto otaguje tento záznam!

MARC

LEADER 00000ntm a22000003a 4500
001 stuzp88937
003 SK-STU
005 20220604210326.2
007 ta
008 150427s2015----xo-----f-mn---000-0-slo-d
040 |a STU  |b slo 
041 0 |a slo 
100 1 |a Ďurčová, Dominika  |u 040250  |4 aut  |U FCHPT Ústav potravinárstva a výživy  |T FCHPT Oddelenie potravinárskej technológie  |X 91777  |U C0250  |Y 685  |7 91777 
242 0 1 |a Antioxidant and Photoprotective Effect of New Types of Carotenoids  |y eng 
245 1 0 |a Antioxidačný a fotoprotektívny účinok nových druhov karotenoidov 
260 |c 2022 
650 4 |a antioxidačný potenciál  |2 slo 
650 4 |a FRAP metóda  |2 slo 
650 4 |a karotenoidy  |2 slo 
650 4 |a astaxantín  |2 slo 
650 4 |a krocín  |2 slo 
650 4 |a antioxidant potential  |2 eng 
650 4 |a FRAP method  |2 eng 
650 4 |a carotenoids  |2 eng 
650 4 |a astaxanthin  |2 eng 
650 4 |a crocin  |2 eng 
700 1 |a Hojerová, Jarmila  |u 040250  |k Z1  |4 ths  |U FCHPT Ústav potravinárstva a výživy  |T FCHPT Oddelenie potravinárskej technológie  |X 3324  |U C0250  |Y 685  |7 A000003324 
856 4 |u http://is.stuba.sk/zp/portal_zp.pl?podrobnosti=163665